000
00351 a2200169 4500
001
69796
020
_a
8508092687
040
_c
Anchieta - Itaigara
100
_a
Redmond, Diane
240
1
0
_a
Dora Drama
_l
por
245
1
0
_a
Dora Drama
300
_a
47
362
0
_a
2004
440
1
_a
Ática
650
4
_a
Literatura infanto-juvenil
942
_c
BK
999
_c
69796
_d
69796